000 00623nam a2200241Ia 4500
003 OSt
005 20221007103941.0
006 a|||||r|||| 00| 0
007 ta
008 221006b |||||||| |||| 00| 0 eng d
024 _a14,479
037 _cTextual
040 _aLCO
_cLCO
_beng
041 _2eng
_aeng
082 _aZ2,93, J2
100 _aSwarup Jagdish
245 0 _aInterpretation of Indian Statues
260 _aAllahabad
_bUniversity Book Agency India
_c1952
300 _a544
650 _aINTERPRETATION
942 _hZ2,93, J2
_cTEXL
999 _c1184042
_d1184042